书目信息 |
| 题名: |
天天英语
|
|
| 作者: | 简洁 编著 | |
| 分册: | ||
| 出版信息: | 北京 外语教学与研究出版社 1999.04 |
|
| 页数: | 730页 | |
| 开本: | 32开 | |
| 丛书名: | ||
| 单 册: | ||
| 中图分类: | H319.9 | |
| 科图分类: | ||
| 主题词: | 英语 | |
| 电子资源: | ||
| ISBN: | 7-5600-1515-8 | |
| 000 | 00530nam0 2200193 45 | |
| 001 | 0009111618 | |
| 005 | 20000911165518.2 | |
| 010 | @a7-5600-1515-8@d28.90元 | |
| 100 | @a20000911d1999 km y0chiy0120 ea | |
| 101 | 0 | @achi |
| 105 | @a z 000yy | |
| 200 | 1 | @a天天英语@ATian Tian Ying Yu@f简洁编著@FJian Jie Bian Zhu |
| 210 | @a北京@c外语教学与研究出版社@d1999.04 | |
| 215 | @a730页@d32开 | |
| 606 | 0 | @a英语 |
| 690 | @aH319.9@v3 | |
| 701 | 0 | @a简洁@4编著 |
| 801 | @aCN@bPftUser@c20000911 | |
| 905 | @b135798-802@dH319.9@eY:575@f5 | |
| 天天英语/简洁编著.-北京:外语教学与研究出版社,1999.04 |
| 730页;32开 |
| ISBN 7-5600-1515-8:28.90元 |
| ● |
| 相关链接 |
|
|
|
正题名:天天英语
索取号:H319.9/Y:575
 
预约/预借
| 序号 | 登录号 | 条形码 | 馆藏地/架位号 | 状态 | 备注 |
| 1 | 135798 | 201357986 | 语言库209/ [索取号:H319.9/Y:575] | 在馆 | |
| 2 | 135799 | 201357995 | 语言库209/209语言库 111排2列5层/ [索取号:H319.9/Y:575] | 在馆 | |
| 3 | 135800 | 201358002 | 自科二线504/504自科库 28排2列1层/ [索取号:H319.9/Y:575] | 在馆 | |
| 4 | 135801 | 201358011 | 自科二线504/504自科库 28排1列3层/ [索取号:H319.9/Y:575] | 在馆 | |
| 5 | 135802 | 201358020 | 语言库209/ [索取号:H319.9/Y:575] | 在馆 |